| 000 | 00360nam a2200157Ia 4500 | ||
|---|---|---|---|
| 005 | 20250318133221.0 | ||
| 008 | 240331s9999 xx 000 0 und d | ||
| 082 |
_bILA _a894 |
||
| 100 | _aIlanthirain, S | ||
| 245 | 0 | _aPanpattin sikarankal | |
| 250 | _a5th | ||
| 260 |
_aChennai _bSalai Achagam _c1990 |
||
| 300 | _a88 p ., | ||
| 650 | _aKatturai | ||
| 942 | _cL | ||
| 999 |
_c4092 _d4092 |
||